Basic steps in planning nursing research : (Record no. 21122)
[ view plain ]
| 000 -LEADER | |
|---|---|
| fixed length control field | 00728nam a2200253 a 4500 |
| 005 - DATE AND TIME OF LATEST TRANSACTION | |
| control field | 20140310183310.0 |
| 008 - FIXED-LENGTH DATA ELEMENTS--GENERAL INFORMATION | |
| fixed length control field | 051013s19uu xx 00 eng d |
| 020 ## - INTERNATIONAL STANDARD BOOK NUMBER | |
| International Standard Book Number | 9715843921 |
| 050 ## - LIBRARY OF CONGRESS CALL NUMBER | |
| Classification number | RT 81.5 |
| Item number | .B74 2001 |
| 100 ## - MAIN ENTRY--PERSONAL NAME | |
| Personal name | Brink, Pamela J. |
| 245 ## - TITLE STATEMENT | |
| Title | Basic steps in planning nursing research : |
| Remainder of title | from question to proposal / |
| Statement of responsibility, etc | Pamela J. Brink and Marilynn J. Wood. |
| 250 ## - EDITION STATEMENT | |
| Edition statement | 5th ed. |
| 260 ## - PUBLICATION, DISTRIBUTION, ETC. (IMPRINT) | |
| Place of publication, distribution, etc | Sadbury, Massachusetts : |
| Name of publisher, distributor, etc | Jones and Bartlett Publishers, |
| Date of publication, distribution, etc | 2001. |
| 300 ## - PHYSICAL DESCRIPTION | |
| Extent | 408 p. : |
| Dimensions | 23 cm. |
| 521 ## - TARGET AUDIENCE NOTE | |
| Target audience note | |
| 650 ## - SUBJECT ADDED ENTRY--TOPICAL TERM | |
| Topical term or geographic name as entry element | Nursing |
| General subdivision | Research |
| -- | Planning. |
| 942 ## - ADDED ENTRY ELEMENTS (KOHA) | |
| Koha item type | Books |
| Source of classification or shelving scheme | Library of Congress Classification |
| Call number prefix | Foreign |
| Withdrawn status | Lost status | Source of classification or shelving scheme | Damaged status | Home library | Current library | Shelving location | Date acquired | Source of acquisition | Total Checkouts | Full call number | Barcode | Date last seen | Copy number | Price effective from | Koha item type |
|---|---|---|---|---|---|---|---|---|---|---|---|---|---|---|---|
| Library of Congress Classification | Archives | Archives | 12/19/2006 | Donation | RT 81.5 .B74 2001 | C7172 | 05/15/2018 | 1 | 03/10/2014 | Books | |||||
| Library of Congress Classification | Archives | Archives | 12/12/2013 | Donation | RT 81.5 .B74 2001 | C7168 | 05/15/2018 | 2 | 03/10/2014 | Books | |||||
| Library of Congress Classification | Archives | Archives | 12/12/2013 | Donation | RT 81.5 .B74 2001 | C7169 | 05/15/2018 | 3 | 03/10/2014 | Books | |||||
| Library of Congress Classification | College Library | College Library | General Circulation Section | 12/12/2013 | RT 81.5 .B74 2001 | C7170 | 05/15/2018 | 4 | 03/10/2014 | Books | |||||
| Library of Congress Classification | College Library | College Library | General Circulation Section | 12/12/2013 | RT 81.5 .B74 2001 | C7171 | 05/15/2018 | 5 | 03/10/2014 | Books | |||||
| Library of Congress Classification | College Library | College Library | General Circulation Section | 12/12/2013 | RT 81.5 .B74 2001 | C6168 | 05/15/2018 | 6 | 03/10/2014 | Books |